Public Finance (Record no. 225753)
[ view plain ]
| 000 -LEADER | |
|---|---|
| fixed length control field | 00562nam a22002177a 4500 |
| 005 - DATE AND TIME OF LATEST TRANSACTION | |
| control field | 20221215124405.0 |
| 008 - FIXED-LENGTH DATA ELEMENTS--GENERAL INFORMATION | |
| fixed length control field | 221214b ||||| |||| 00| 0 eng d |
| 020 ## - INTERNATIONAL STANDARD BOOK NUMBER | |
| International Standard Book Number | 9788195680757 |
| 040 ## - CATALOGING SOURCE | |
| Transcribing agency | AL |
| 041 ## - LANGUAGE CODE | |
| Language code of text/sound track or separate title | English |
| 082 ## - DEWEY DECIMAL CLASSIFICATION NUMBER | |
| Edition number | 23 |
| Classification number | 336 |
| Item number | HANP |
| 100 ## - MAIN ENTRY--PERSONAL NAME | |
| Personal name | V Basil Hans |
| 100 ## - MAIN ENTRY--PERSONAL NAME | |
| 9 (RLIN) | 66150 |
| 245 ## - TITLE STATEMENT | |
| Title | Public Finance |
| 260 ## - PUBLICATION, DISTRIBUTION, ETC. | |
| Place of publication, distribution, etc. | Mangaluru |
| Name of publisher, distributor, etc. | St Aloysius Prakashana |
| Date of publication, distribution, etc. | 2022 |
| 300 ## - PHYSICAL DESCRIPTION | |
| Extent | vii,184 p. |
| Other physical details | PB |
| Dimensions | 21x13 cm. |
| 365 ## - TRADE PRICE | |
| Currency code | ₹ |
| Unit of pricing | ₹200.00 |
| 650 ## - SUBJECT ADDED ENTRY--TOPICAL TERM | |
| Topical term or geographic name entry element | II SEM BCOM |
| 9 (RLIN) | 66060 |
| 650 ## - SUBJECT ADDED ENTRY--TOPICAL TERM | |
| Topical term or geographic name entry element | NEP |
| 9 (RLIN) | 66061 |
| 700 ## - ADDED ENTRY--PERSONAL NAME | |
| Personal name | HANS (V Basil) |
| 9 (RLIN) | 66062 |
| 942 ## - ADDED ENTRY ELEMENTS (KOHA) | |
| Source of classification or shelving scheme | Dewey Decimal Classification |
| Koha item type | Donated Books |
| Withdrawn status | Lost status | Source of classification or shelving scheme | Damaged status | Not for loan | Collection code | Home library | Current library | Date acquired | Total Checkouts | Total Renewals | Full call number | Barcode | Date last seen | Date last checked out | Cost, replacement price | Price effective from | Koha item type | Public note |
|---|---|---|---|---|---|---|---|---|---|---|---|---|---|---|---|---|---|---|
| Dewey Decimal Classification | Management | St Aloysius Library | St Aloysius Library | 12/14/2022 | 5 | 2 | 336 HANP | D04850 | 09/13/2025 | 09/02/2025 | 200.00 | 12/14/2022 | Donated Books | Donated by St Aloysius Prakashana | ||||
| Dewey Decimal Classification | Management | St Aloysius Library | St Aloysius Library | 12/14/2022 | 11 | 1 | 336 HANP | D04851 | 07/22/2025 | 07/12/2025 | 200.00 | 12/14/2022 | Donated Books | Donated by St Aloysius Prakashana | ||||
| Dewey Decimal Classification | Management | St Aloysius Library | St Aloysius Library | 12/14/2022 | 10 | 1 | 336 HANP | D04852 | 09/17/2025 | 09/09/2025 | 200.00 | 12/14/2022 | Donated Books | Donated by St Aloysius Prakashana | ||||
| Dewey Decimal Classification | Management | St Aloysius Library | St Aloysius Library | 12/14/2022 | 13 | 5 | 336 HANP | D04853 | 11/07/2025 | 11/03/2025 | 200.00 | 12/14/2022 | Donated Books | Donated by St Aloysius Prakashana | ||||
| Dewey Decimal Classification | Management | St Aloysius Library | St Aloysius Library | 12/14/2022 | 9 | 3 | 336 HANP | D04854 | 09/25/2025 | 09/04/2025 | 200.00 | 12/14/2022 | Donated Books | Donated by St Aloysius Prakashana |